Naruto Quiz: Konoha Teams (deutsch) - Statistiken

Allgemein
  • Dieses Quiz wurde 2.126 mal gespielt
  • Das Durchschnittsergebnis liegt bei 14 aus 16
Antwortstatistiken
Team Antwort % Korrekt
Team 7 Naruto Uzumaki
100%
Team 7 Sasuke Uchiha
99%
Team 7 Sakura Haruno
98%
Team 7 Kakashi Hatake
96%
Team Guy Rock Lee
95%
Team 8 Hinata Hyuga
92%
Team Guy Might Guy
92%
Team Guy Neji Hyuga
90%
Team 10 Shikamaru Nara
89%
Team 10 Ino Yamanaka
88%
Team Guy Tenten
86%
Team 8 Kiba Inuzuka
79%
Team 10 Asuma Sarutobi
76%
Team 8 Shino Aburame
73%
Team 10 Choji Akimichi
72%
Team 8 Kurenai Yuhi
60%
Keine übereinstimmenden Quizze gefunden
Verteilung der Resultate
Anzahl Personen mit jedem Resultat
Perzentil nach korrekt beantworteten Fragen
Ihre Resultats-Entwicklung
Sie haben dieses Quiz noch nicht gespielt